| 000 | 00698nam a2200205 a 4500 | ||
|---|---|---|---|
| 003 | 0 | ||
| 005 | 20250204103233.0 | ||
| 008 | 130829s19uu xx 00 eng d | ||
| 050 |
_aPGS TP 248.2 _b.T655 2013 |
||
| 100 | _aTomagan, Jessy Mariella C. | ||
| 245 |
_aLemon juice as rubber shoes cleanser / _cJessy Mariella C. Tomagan. |
||
| 260 |
_aLas PiƱas City, Philippines : _bSouthville International School and Colleges, _c2013. |
||
| 300 |
_a19 p. : _bill. ; _c28 cm. |
||
| 504 | _aIncludes bibliographical references. | ||
| 650 |
_aLemon juice _vUses. |
||
| 650 |
_aCleaning compounds _vNatural products. |
||
| 650 |
_aShoes _vMaintenance. |
||
| 650 |
_aRubber _vCleaning. |
||
| 942 |
_2lcc _cPASS |
||
| 999 |
_c99040 _d99040 |
||